Astronomía elemental; para 5to. año del bachillerato /
Guardado en:
| Autor Principal: | |
|---|---|
| Otros Autores: | |
| Formato: | Libro |
| Publicado: |
Buenos Aires :
Troquel,
1978
|
| Materias: | |
| Etiquetas: |
Agregar Etiqueta
Sin Etiquetas, Sea el primero en etiquetar este registro!
|
| LEADER | 01118nam a22002295a 4500 | ||
|---|---|---|---|
| 001 | CEM.cems005801 | ||
| 005 | 20060214000000.0 | ||
| 008 | 130507s1978##################000#0#####d | ||
| 003 | CEMS | ||
| 082 | 0 | 4 | |a 520 |
| 100 | 1 | |a Sardella, O. | |
| 245 | 1 | 0 | |a Astronomía elemental; para 5to. año del bachillerato / |
| 260 | |a Buenos Aires : |b Troquel, |c 1978 | ||
| 300 | |a 245 p. | ||
| 505 | 0 | |a En la orilla del oceano cosmico; Una voz en la fuga cosmica; La armonia de los mundos; Cielo e infierno; Blues para un planeta rojo; Historias de viajeros; El espinazo de la noche; Viajes a traves del espacio y del tiempo; Las vidas de las estrellas; El filo de la eternidad; La persistencia de la memoria; Enciclopedia galactica; Quien habla en nombre de la Tierra?; APENDICES: La reducción al absurdo y la raiz cuadrada de dos; Los cinco solidos pitagoricos; Lectura complementaria; Indice onomastico | |
| 653 | |a Astronautica | ||
| 653 | |a Astronomia | ||
| 653 | |a Constelaciones | ||
| 653 | |a Galaxias | ||
| 653 | |a Leyes de kepler | ||
| 700 | 1 | |a Mestorino, Roberto J. | |
| 859 | |a CEMS |b BIB. CEMS - 11 de abril |h 520 |i Sa72 |p 8172.80 |t Ej.1 | ||
